Development intensity of four prominent economies

Odlišný prístup k meraniu kvality ekonomiky v priehehu času. Na rozdiel od metódy podobnej Cobb-Douglasovej produkčnej funkcii je tento prístup založený na všeobecnejších podmienkach a nezahrňuje len situácie ekonomického rastu, ale aj poklesu a stagnácie. Umožňuje tiež rozlíšiť kompenzácie vstupnýc...

Descripción completa

Guardado en:
Detalles Bibliográficos
Autor principal: Mihola, Jiří
Otros Autores: Wawrosz, Petr
Formato: Capítulo de libro
Lenguaje:inglés
Materias:
Etiquetas: Agregar Etiqueta
Sin Etiquetas, Sea el primero en etiquetar este registro!

MARC

LEADER 00000naa a2200000 4500
001 0184519
005 20220729111918.3
041 0 |a eng 
044 |a CZ 
245 1 0 |a Development intensity of four prominent economies  |c Jiří Mihola, Petr Wawrosz 
520 |a Odlišný prístup k meraniu kvality ekonomiky v priehehu času. Na rozdiel od metódy podobnej Cobb-Douglasovej produkčnej funkcii je tento prístup založený na všeobecnejších podmienkach a nezahrňuje len situácie ekonomického rastu, ale aj poklesu a stagnácie. Umožňuje tiež rozlíšiť kompenzácie vstupných faktorov. Jedným z prínosov prístupu je jasne rozlíšenie intenzívnych a extenzívnych parametrov rastu. 
610 2 0 |a funkcia Cobb-Douglasova 
610 2 0 |a funkcie produkčné 
610 2 0 |a vstupy 
610 2 0 |a rast hospodársky 
610 2 0 |a faktory rastu hospodárskeho extenzívne 
610 2 0 |a faktory rastu hospodárskeho intenzívne 
100 1 |a Mihola, Jiří 
700 1 |a Wawrosz, Petr